[Event "San Jose subzonal 2.3c"]
[Site "San Jose"]
[Date "2018.03.25"]
[Round "2"]
[White "Pirir, Daniel"]
[Black "Shih Gould, Danny"]
[Result "0-1"]
[WhiteElo "1535"]
[BlackElo "1724"]
[PlyCount "86"]
[EventDate "2018.03.25"]
[EventType "swiss"]
[EventRounds "9"]
[EventCountry "CRI"]
[SourceTitle "EXT 2019"]
[Source "ChessBase"]
[SourceDate "2018.10.10"]
[SourceVersion "1"]
[SourceVersionDate "2018.10.10"]
[SourceQuality "1"]

1. e4 c5 2. Nf3 d6 3. c3 Nf6 4. Be2 Nc6 5. d4 cxd4 6. cxd4 g6 7. Nc3 Bg7 8. 0-0 0-0 9. Rb1 a6 10. d5 Nb8 11. a4 Bg4 12. h3 Bxf3 13. Bxf3 Nbd7 14. Be3 Ne5 15. Be2 Rc8 16. Qb3 Qc7 17. Bb6 Qb8 18. f4 Nfd7 19. Be3 Nc5 20. Bxc5 Rxc5 21. Bf3 Nd7 22. Kh1 Qc7 23. Ne2 b5 24. Ng3 Rb8 25. Bd1 bxa4 26. Qxa4 Ra5 27. Qc6 Qxc6 28. dxc6 Nf8 29. b4 Rab5 30. Be2 R5b6 31. Rbc1 Rc8 32. c7 Ne6 33. f5 Nd4 34. fxg6 hxg6 35. Bg4 e6 36. Rc4 Nb5 37. Rfc1 Bh6 38. R1c2 Rb7 39. Ra2 Rcxc7 40. Rxc7 Nxc7 41. Ra4 Bd2 42. b5 axb5 43. Rd4 Bf4 0-1